02054 a2200193 4500001000200000005001700002008004100019003001500060040004000075080003600115245002800151020002200179250001100201264003400212300001800246505145800264100001801722856012001740420260407155401.0260407a2006 arg spa dAR-UNSa-BCEJYS aAR-UNSa-BCEJYSbspacAR-UNSa-BCEJYS a657.41xContabilidad Financiera10aContabilidad Financiera a978-987-01-0558-9 a2a. ed 1aBuenos Aires :bErreparc2006 a936 p.c21 cm a1. Resumen de la reciente evolución de la legislación contable en la Argentina desde los "principios" a las "normas" 2. Los estados contables básicos de publicación 3. El tiempo en la vida de las empresas 4. Teoría contable básica 5. El balance general de presentación 6. El estado de resultados de publicación. Presentación formal 7. El estado de evolución del patrimonio neto de publicación. Presentación formal 8. Los estados de cambios en la posición financiera- El estado de flujo de efectivo 9. Los estados de cambios en la posición financiera - versión ampliada: El estado de cambios en el capital circulante 10. Estructura patrimonial de la empresa 11. Caja y bancos 12. Inversiones temporarias 13. Cuentas por cobrar 14. Bienes de cambio 15. Inversiones permanentes 16. Combinaciones de negocios 17. Bienes de uso o propiedades, plantas y equipos 18. Activos intangibles 19. Compromisos ciertos - cuentas por pagar - deudas 20. Pasivo contingente 21. Instrumentos financieros derivados 22. Otros pasivos 23. Operaciones en moneda extranjera 24. Capital propio - Patrimonio neto - Aportes de los propietarios 25. Los resultados del ejercicio económico 26. Corrección de la información contable "histórica" a moneda de cierre. Soluciones parciales 27. Soluciones integrales - Aplicación de la unidad de medida homogénea 28. Conversión de estados contables a moneda extranjera - Teoría y práctica 1 aBiondi, Mario41uhttps://biblioeco.unsa.edu.ar/pmb/images/libros/Contabilidad Financiera2-l118168.jpgyImagen de portadaqimage/jpeg